Tanytarsus rhabdomantis : new combination for Nimbocera rhabdomantis Trivinho-Strixino & Strixino, 1991 (Diptera:Chironomidae) /

Bibliographic Details
Main Author: Trivinho-Strixino, Susana
Other Authors: Sanseverino, Angela M.
Format: Book
Language:English
Published: Auckland, N.Z. : Magnolia Press, 2003.
Series:Zootaxa ; 389.
Subjects:
Online Access:http://www.mapress.com/zootaxa/2003/zt00389.pdf

MARC

Tag First Indicator Second Indicator Subfields
LEADER 00000cam a2200000Ma 4500
001 in00002010595
005 20151031144935.0
008 040108s2003 nz a b 000 0 eng d
020 |c $6.20 (pbk.) 
035 |a (OCoLC)ocm55632521 
040 |a UBY  |c UBY  |d TXA  |d UtOrBLW 
043 |a cl----- 
049 |a TXAM 
082 0 4 |a 595.772  |2 22 
090 |a QL351  |b .Z75 no.389 
100 1 |a Trivinho-Strixino, Susana. 
245 1 0 |a Tanytarsus rhabdomantis :  |b new combination for Nimbocera rhabdomantis Trivinho-Strixino & Strixino, 1991 (Diptera:Chironomidae) /  |c Susana Trivinho-Strixino & Angela M. Sanseverino. 
264 1 |a Auckland, N.Z. :  |b Magnolia Press,  |c 2003. 
300 |a 10 pages :  |b illustrations ;  |c 30 cm. 
336 |a text  |b txt  |2 rdacontent 
337 |a unmediated  |b n  |2 rdamedia 
338 |a volume  |b nc  |2 rdacarrier 
490 1 |a Zootaxa,  |x 1175-5326 ;  |v 389 
500 |a Cover title. 
504 |a Includes bibliographical references (pages 9-10). 
650 0 |a Chironomidae  |z Latin America  |v Identification. 
650 0 |a Chironomidae  |z Latin America  |v Classification. 
700 1 |a Sanseverino, Angela M. 
830 0 |a Zootaxa ;  |v 389. 
856 4 1 |u http://www.mapress.com/zootaxa/2003/zt00389.pdf  |t 0 
948 |a cataloged  |b h  |c 2004/12/2  |d c  |e blrosas  |f 2:52:36 pm 
994 |a C0  |b TXA 
999 |a MARS 
999 f f |s 6e54e9f7-40dd-3356-aebc-c997e0bbdf90  |i bebdd7f9-d10e-39c9-b6c1-a48af7a104c0  |t 0 
952 f f |p ric  |a Texas A&M University  |b Rellis Campus  |c Joint Library Facility  |d Remote Storage  |t 0  |e QL351 .Z75 no.389  |h Library of Congress classification  |i unmediated -- volume  |m A14831662206 
998 f f |a QL351 .Z75 no.389  |t 0  |l Remote Storage